Increasing impact the year in review 2006

Na minha lista:
Detalhes bibliográficos
Autor Corporativo: International finance corporation
Formato: Livro
Idioma:Undetermined
Publicado em: Washington, DC. International finance corporation 2006
Assuntos:
Tags: Adicionar Tag
Sem tags, seja o primeiro a adicionar uma tag!
Thư viện lưu trữ: Trung tâm Học liệu Trường Đại học Cần Thơ
LEADER 00600nam a2200193Ia 4500
001 CTU_117356
008 210402s9999 xx 000 0 und d
082 |a 658.151 
082 |b I.312f 
110 |a International finance corporation 
245 0 |a Increasing impact the year in review 2006 
245 0 |c International finance corporation 
260 |a Washington, DC. 
260 |b International finance corporation 
260 |c 2006 
650 |a Managerial accounting 
904 |i Vuong 
910 |a Có kèm đĩa CD AV.004115 
980 |a Trung tâm Học liệu Trường Đại học Cần Thơ